Changes to Land Register Online (Record no. 79429)
[ view plain ]
| 000 -LEADER | |
|---|---|
| fixed length control field | 01144cad a22002055a 4500 |
| 001 - CONTROL NUMBER | |
| control field | L141246 |
| 008 - FIXED-LENGTH DATA ELEMENTS--GENERAL INFORMATION | |
| fixed length control field | 071106e20071105xxk 000 0 eng d |
| 035 ## - SYSTEM CONTROL NUMBER | |
| System control number | (Sirsi) u141246 |
| 041 0# - LANGUAGE CODE | |
| Language code of text/sound track or separate title | eng |
| 110 2# - MAIN ENTRY--CORPORATE NAME | |
| Corporate name or jurisdiction name as entry element | United Kingdom |
| Subordinate unit | Land Registry |
| 9 (RLIN) | 4774 |
| 245 00 - TITLE STATEMENT | |
| Title | Changes to Land Register Online |
| Medium | [electronic resource] |
| 260 ## - PUBLICATION, DISTRIBUTION, ETC. | |
| Date of publication, distribution, etc. | 2007 |
| 490 ## - SERIES STATEMENT | |
| Series statement | Land Registry Press Notice |
| Volume/sequential designation | 5 November 2007 |
| 520 ## - SUMMARY, ETC. | |
| Summary, etc. | Announces a change to the Land Registry Online (LRO) service, which means that from midnight on 5 November documents referred to on the register will no longer be available electronically through LRO, although they will still be obtainable via post or in person at Land Registry Offices. Business users will still be able to access the documents using Land Registry Direct. |
| 590 ## - LOCAL NOTE (RLIN) | |
| Local note | KA NTK |
| 650 24 - SUBJECT ADDED ENTRY--TOPICAL TERM | |
| Topical term or geographic name entry element | PROPERTY-PROPERTY ACQUISITION AND DISPOSAL-REGISTRATION OF TITLE TO PROPERTY-LAND REGISTRATION |
| 651 #4 - SUBJECT ADDED ENTRY--GEOGRAPHIC NAME | |
| Geographic name | England and Wales |
| Chronological subdivision | 1543- |
| 856 40 - ELECTRONIC LOCATION AND ACCESS | |
| Uniform Resource Identifier | <a href="https://www1.landregistry.gov.uk/about-us/press-listing/2007/changes-to-land-register-online">https://www1.landregistry.gov.uk/about-us/press-listing/2007/changes-to-land-register-online</a> |
| Public note | View the press notice free of charge at www.landregistry.gov.uk... |
| 942 ## - ADDED ENTRY ELEMENTS (KOHA) | |
| Suppress in OPAC | 0 |
| Withdrawn status | Lost status | Source of classification or shelving scheme | Damaged status | Not for loan | Home library | Current library | Shelving location | Date acquired | Total Checkouts | Full call number | Barcode | Date last seen | Copy number | Price effective from | Koha item type |
|---|---|---|---|---|---|---|---|---|---|---|---|---|---|---|---|
| Dewey Decimal Classification | Virtual | Virtual | Online | 06/11/2007 | ONLINE PUBLICATION | 141246-2001 | 06/08/2019 | 1 | 06/08/2019 | Journal article |